000 00542nam a2200217Ia 4500
005 20250505124928.0
008 008 250505s9999 xx 000 0 eng d
037 _aTextbook
040 _aLCO
_beng
_cLCO
041 _aeng
_2eng
084 _aZ2,7,41 R3
_qLCO
100 _aSarkar
245 0 _aHints on modern advocacy
_cSarkar
250 _a6th
260 _aHaryana, India
_bLexisNexis
_c2023
300 _a542
365 _aINR
_b1295
650 _aLaw
942 _cTB
_hZ2,7,41 R3
999 _c1310715
_d1310715